Canada (Record no. 552206)
[ view plain ]
| 000 -LEADER | |
|---|---|
| fixed length control field | 00487cam a2200145Ki 4500 |
| 082 04 - DEWEY DECIMAL CLASSIFICATION NUMBER | |
| Classification number | 971 |
| Author Mark | BOU |
| 100 1# - MAIN ENTRY--PERSONAL NAME | |
| Personal name | Bourinot, John George, |
| 9 (RLIN) | 49420 |
| 245 10 - TITLE STATEMENT | |
| Title | Canada |
| Statement of responsibility, etc. | by J.G. Bourinot. |
| 260 ## - PUBLICATION, DISTRIBUTION, ETC. | |
| Place of publication, distribution, etc. | London : |
| Name of publisher, distributor, etc. | T. Fisher Unwin ; |
| Place of publication, distribution, etc. | New York : |
| Name of publisher, distributor, etc. | G.P. Putnam's Sons, |
| Date of publication, distribution, etc. | 1897. |
| 300 ## - PHYSICAL DESCRIPTION | |
| Extent | xx, 463 p. : |
| Other physical details | ill., maps, ports. ; |
| Dimensions | 20 cm. |
| 526 ## - STUDY PROGRAM INFORMATION NOTE | |
| Program name | 0 |
| Interest level | 0 |
| Reading level | 0 |
| Title point value | 971_000000000000000_BOU |
| 650 ## - SUBJECT ADDED ENTRY--TOPICAL TERM | |
| Topical term or geographic name entry element | MCE |
| 9 (RLIN) | 379 |
| 856 40 - ELECTRONIC LOCATION AND ACCESS | |
| Uniform Resource Identifier | <a href="http://catalog.hathitrust.org/api/volumes/oclc/2622280.html">http://catalog.hathitrust.org/api/volumes/oclc/2622280.html</a> |
| 942 ## - ADDED ENTRY ELEMENTS (KOHA) | |
| Source of classification or shelving scheme | |
| Koha item type | Book |
| Withdrawn status | Lost status | Source of classification or shelving scheme | Damaged status | Not for loan | Permanent Location | Current Location | Shelving location | Date acquired | Total Checkouts | Full call number | Barcode | Date last seen | Price effective from | Koha item type |
|---|---|---|---|---|---|---|---|---|---|---|---|---|---|---|
| Military College of Engineering (MCE) | Military College of Engineering (MCE) | 01/12/2015 | 971 BOU | MCE-ECC/20 | 01/12/2015 | 01/12/2015 | Book |
